|
|
|
|
| LEADER |
00000cam a2200000 7i4500 |
| 001 |
0000004673 |
| 002 |
000005041 |
| 005 |
20000330.0 |
| 020 |
|
|
|a 967978410X
|
| 090 |
0 |
0 |
|a 305.4209595
|b JAM
|
| 100 |
0 |
|
|a Jamilah Ariffin
|
| 245 |
1 |
0 |
|a Women & development in Malaysia
|c Jamilah Ariffin
|
| 260 |
|
|
|a Petaling Jaya :
|b Pelanduk Publications ,
|c 1992
|
| 300 |
|
|
|a 189p. ;
|c 23cm.
|
| 650 |
0 |
0 |
|a Women in development
|z Malaysia
|
| 999 |
|
|
|a 0322643
|b BUKU
|c RUJUKAN
|e PERPUSTAKAAN KOMUNITI PETALING JAYA
|
| 999 |
|
|
|a 032642
|b BUKU
|c PINJAMAN
|e PERPUSTAKAAN KOMUNITI PETALING JAYA
|
| 999 |
|
|
|a 032643
|b BUKU
|c PINJAMAN
|e PERPUSTAKAAN KOMUNITI PETALING JAYA
|